书目信息 |
| 题名: |
土方与爆破工程施工技术标准
|
|
| 作者: | ;四川省住房和城乡建设厅 , 中国建筑第八工程局有限公司 主编 ;中国 批准 | |
| 分册: | ||
| 出版信息: | 北京 中国建筑工业出版社 2017.06 |
|
| 页数: | 91页 | |
| 开本: | 21cm | |
| 丛书名: | 中华人民共和国国家标准 | |
| 单 册: | ||
| 中图分类: | TU751-65 | |
| 科图分类: | ||
| 主题词: | 土方工程--Tu Fang Gong Cheng--工程施工--国家标准--中国 , 爆破施工--Bao Po Shi Gong--国家标准--中国 | |
| 电子资源: | ||
| ISBN: | ||
| 000 | 01409nam 2200301 450 | |
| 001 | 1959582250 | |
| 005 | 20190314163445.78 | |
| 010 | @dRMB 15.00 | |
| 094 | @aCN@bGB 50201-2012 | |
| 100 | @a20130418d2017 ekmy0chiy50 ea | |
| 101 | 0 | @achi |
| 102 | @aCN@b110000 | |
| 105 | @aak l 000yy | |
| 200 | 1 | @a土方与爆破工程施工技术标准@Atu fang yu bao po gong cheng shi gong ji shu biao zhun@d= Code for construction and acceptance of earthwork and blasting engineering@f中国建筑第八工程局有限公司@Fzhong guo jian zhu di ba gong cheng ju you xian gong si@g批准单位中华人民共和国住房和城乡建设部@zeng |
| 210 | @a北京@c中国建筑工业出版社@d2017.06 | |
| 215 | @a91页@c图@d21cm | |
| 225 | 2 | @a中华人民共和国国家标准@AZhong Hua Ren Min Gong He Guo Guo Jia Biao Zhun |
| 300 | @a2012-03-30发布 2012-08-01实施 | |
| 410 | 0 | @12001 @a中华人民共和国国家标准 |
| 510 | 1 | @aCode for construction and acceptance of earthwork and blasting engineering@zeng |
| 606 | 0 | @a土方工程@ATu Fang Gong Cheng@x工程施工@x国家标准@y中国 |
| 606 | 0 | @a爆破施工@ABao Po Shi Gong@x国家标准@y中国 |
| 690 | @aTU751-65@v5 | |
| 711 | 0 | @a四川省住房和城乡建设厅@4主编 |
| 711 | 02 | @a中国建筑第八工程局有限公司@Azhong guo jian zhu di ba gong cheng ju you xian gong si |
| 712 | 01 | @a中国@AZhong Guo@b住房和城乡建设部@BZhu Fang He Cheng Xiang Jian She Bu@4批准 |
| 801 | 0 | @aCN@c20150822 |
| 905 | @a河南城建学院图书馆@dTU751-65@eS7351 | |
| 土方与爆破工程施工技术标准= Code for construction and acceptance of earthwork and blasting engineering/中国建筑第八工程局有限公司/批准单位中华人民共和国住房和城乡建设部.-北京:中国建筑工业出版社,2017.06 |
| 91页:图;21cm.-(中华人民共和国国家标准) |
| 2012-03-30发布 2012-08-01实施 |
| ISBN :RMB 15.00 |
| ● |
| 相关链接 |
|
|
|
正题名:土方与爆破工程施工技术标准
索取号:TU751-65/S7351
 
预约/预借
| 序号 | 登录号 | 条形码 | 馆藏地/架位号 | 状态 | 备注 |
| 1 | 1305612 | 213056128 | 建筑库201/201建筑库 41排6列1层/ [索取号:TU751-65/S7351] | 在馆 |